Statistics for Top 15 Countries with Covid-19 Deaths - 28 January 2021

Click here to take the quiz!

General Stats

  • This quiz has been taken 23 times
  • The average score is 16 of 24

Answer Stats

country% Correct
Mexico
100%
United States
100%
Brazil
95%
France
95%
Argentina
91%
Germany
91%
Russia
91%
United Kingdom
91%
India
86%
Italy
82%
Spain
82%
Colombia
68%
Peru
64%
Iran
59%
Belgium
55%
South Africa
55%
Slovenia
45%
Hungary
41%
Croatia
36%
Czechia
36%
Bosnia and
Herzegovina
32%
Bulgaria
27%
Panama
18%
North Macedonia
14%

Score Distribution

Percentile by Number Answered

Percent of People with Each Score

Your Score History

You have not taken this quiz